Statistics for Food that are Pink

Click here to take the quiz!

General Stats

  • This quiz has been taken 20 times
  • The average score is 10 of 16

Answer Stats

Answer% Correct
Grape
100%
Raspberry
100%
Ham
94%
Octopus
94%
Marshmallow
89%
Salami
89%
Cotton candy
83%
Dragon fruit | Pitaya
78%
Milkshake
67%
Rhubarb
61%
Radish
50%
Chewing-gum
44%
Guava
44%
Himalayan Salt
33%
Mortadella
17%
Radicchio
0%

Score Distribution

Percentile by Number Answered

Percent of People with Each Score

Your Score History

You have not taken this quiz